Quizzes
Events
Quiz Creation
Community
Videos
Private Events
Remove Ads
Sign In
Join for FREE
Feedback
Dark Mode
Quiz Categories
Sports
Geography
Music
Movies
Television
Just For Fun
Miscellaneous
History
Literature
Language
Science
Gaming
Entertainment
Religion
Holiday
For Kids
Quiz Lab
Recent
Popular Today
Quiz Kudos Today
Editor Picks
Curator Picks
Quizzes by...
Day
Popularity
Type
Ratings
Length
Year
Community
Subscriptions
Recent Discussions
Orange Saloon
Badges
Playlists
Quests
Create
Leaderboards
Showdown
Live 5
Trivia Bingo
Activity
Puzzle Library
Sporcle Events
Private Events
Virtual Trivia
Globe League
Become a Host
Pub Owners
SporcleCon
Opinionation
Our Games
Videos
Blog
Mobile Apps
Partnerships
Remove Ads and Go Orange
Feedback
Sports
Athletes
MLB
NBA
NHL
NFL
Soccer
Sports Teams
WWE
NCAA
Football
Premier League
Basketball
Baseball
Hockey
Golf
Tennis
Cricket
Rugby
Auto Racing
Olympics
World Cup
Sports
Athletes
MLB
NBA
NHL
NFL
Soccer
Sports Teams
WWE
NCAA
Football
Premier League
Basketball
Baseball
Hockey
Golf
Tennis
Cricket
Rugby
Auto Racing
Olympics
World Cup
Random Quiz
Search Sporcle
×
Quiz Lab
Quiz Lab
Sports
Basketball
Type in answers that appear in a list
Type in answers that appear in a list
Classic
Best Score? Go Orange.
Nfl And Nba Stats
Can you name the The Nba And Nfl Stars?
By
JaBari142
20m
77 Questions
130 Plays
130 Plays
130 Plays
Comments
Comments
Give Quiz Kudos
Give Quiz Kudos
-
- Ratings
hide this ad
More Info
Replay
Link that replays current quiz
Next Quiz
Link to next quiz in quiz playlist
You Got
0%
They Got
Avg Score
35%
Avg Friend Score
Upgrade to see
Score Distribution
Jump to the score distribution portion of the page
Score
0/77
Timer
20:00
0
Plays Today
Team And Player
% Correct
74.6%
Suns
Steve Nash
66.9%
Heat
Dwyane Wade
66.2%
66.2%
Heat
Lebron James
60.8%
60%
59.2%
59.2%
59.2%
59.2%
59.2%
59.2%
59.2%
54.6%
Heat
Chris Bosh
54.6%
51.5%
51.5%
51.5%
51.5%
51.5%
51.5%
51.5%
51.5%
Nuggets
Carmelo Anthony
48.5%
Lakers
Kobe Bryant
44.6%
Suns
Grant Hill
43.8%
Warriors
Stephen Curry
43.8%
Wizards
John Wall
42.3%
Bulls
Derrick Rose
38.5%
36.9%
Blazers
Brandon Roy
36.2%
36.2%
Rockets
Yao Ming
35.4%
76ers
Allen Iverson
33.8%
31.5%
Hornets
Chris Paul
30%
30%
29.2%
Celtics
Nate Robinson
27.7%
Team And Player
% Correct
24.6%
Knicks
Eddy Curry
24.6%
Hawks
Josh Smith
24.6%
CowBoys
Dez Bryant
24.6%
Ravens
Ray Rice
24.6%
23.8%
Pacers
Danny Granger
23.1%
Spurs
Tim Duncan
23.1%
Magic
Dwight Howard
23.1%
Grizzlies
Marc Gasol
21.5%
Packers
Ryan Grant
21.5%
TimberWolves
Kevin Love
21.5%
Thunder
Kevin Durant
20.8%
20.8%
20.8%
Cavs
Shaq
19.2%
Bucks
Brandon Jennings
19.2%
Jazz
Raja Bell
17.7%
Eagles
Michael Vick
16.9%
Mavericks
Shawn Marion
16.2%
Celtics
Nate Robinson
14.6%
Chargers
Antonio Gates
13.1%
Team Names
Players Names
8.5%
Clippers
Brain Cook
8.5%
Bengals
Chad Ochocinco
8.5%
Kings
Carl Landry
6.9%
Bengals
Terrell Owens
6.9%
Broncos
Tim Tebow
6.2%
Red Skins
Donovan McNabb
6.2%
Falcons
Tony Gonzalez
5.4%
49ers
Michael Crabtree
4.6%
Nets
Jordan Farmar
3.1%
Pistons
Chris Wilcox
2.3%
Raptors
Marcus Banks
2.3%
BobCats
Boris Diaw
2.3%
Cardinals
Tim Hightower
1.5%
Raiders
Jason CampBell
1.5%
Sea Hawks
T.J.
0.8%
Quiz Playlist
Details
Report
Send in Message
Add To Playlist
More Info:
Have Fun
Classic:
Type in answers that appear in a list
Last Updated: Feb 16, 2017
Quiz Scoreboard
CHALLENGE
Sign Up to Join the Scoreboard
Show All
Scores
Hide
Comments
May contain spoilers
Recently Published
Click the 1999 NBA Draft
by nibperrychub
Sports
2m
Alphabetical 'K' Countries by Flag Minefield
by ylime102
Geography
3m
Pick 6: Fruits
by JohnFran
Miscellaneous
15s
More to Explore
Quiz From the Vault
Featured Blog Post
15 Basketball Trivia Facts You Can Be March Mad About
hide this ad
You Might Also Like...
Tags
Basketball Quiz
NBA Quiz
NFL Quiz
Anything
Order
star
Today's Top Quizzes in Sports
Browse Sports
hide this ad
Today's Top Quizzes in Basketball
Browse Basketball
Top Contributed Quizzes in Sports
1
Don't Strike Out: 3000 Strikeouts
2
MLB 2 truths and a lie: Hall of Fame pitchers
3
Pick 6: NFL Teams
4
Criteria MLB: Left Handed Sluggers
5
MLB Players with Two .350 Batting Average Seasons
6
2022 World Cup Stars
7
Les joueurs à 100 buts en Ligue 1 Uber Eats
8
Millionaire: NBA Finals Edition
9
Pick 6: Minor League Baseball
10
Last 10 Members of the 500 HR Club in Order
Explore More
Trending Topics
Crossword
Marvel
Anime
Kpop
NBA
Harry Potter
Disney
Puzzle
Pokémon
WWE
Country
Soccer
NFL
The Office
Song
hide this ad
More By:
JaBari142
Quiz
Plays
Rating
Category
Featured
Created
Nfl And Nba
130
1.86
Sports
Aug 2, 2010
Go to Creator's Profile
Score Distribution
Quiz Creator Spotlight
JaBari142
Follow
Send a Message
Quizzes Created
-
Created Quiz Play Count
-
More By This Creator
Popular Quizzes Today
1
Find the US States - No Outlines Minefield
2
Countries of Asia Without Outlines Minefield
3
Pick 6: Fruits
4
The Countries of the World
5
Alphabetical 'K' Countries by Flag Minefield
6
Click the 1999 NBA Draft
7
Find the US States
8
Match the Book to the Film X
More Sports Quizzes
Liverpool International Winning Starting XIs
Quiz Lab
Trending Quizzes
Pick 6: Harry Potter
Pick 6: Mountains
Pick 6: NFL Teams
Pick 6: Movie Franchises
Pick 6: Golfers
Recently Updated
Women's Final Four Teams by Year
bhenderson79
Presidents Quartet II
eogle
Anything But Clue(do)
eogle
Anything But Oceanian Capitals
eogle
Anything But 7
eogle
Anything But Thing
eogle
Word Ladder: February 29
pecheneg
Song Title Questions
pecheneg
Women's NCAA Tournament #1 Seeds
pecheneg
Celebrity Mug Shots
pecheneg
Trending Topics
Kpop
Crossword
NBA
Anime
Marvel
Disney
Harry Potter
WWE
The Office
NFL
Country
Song
Pokémon
Puzzle
Soccer
Your Account Isn't Verified!
In order to create a playlist on Sporcle, you need to verify the email address you used during registration. Go to your
Sporcle Settings
to finish the process.
Report this User
Report this user for behavior that violates our
Community Guidelines
.
Details:
Send Report
Go to the Sporcle.com Mobile Site →
Comments